00761nam a2200169Ia 4500008004100000020002200041050002000063100003300083130002000116240004300136245012800179260002300307300001100330500010600341650005400447700009000501121028s9999 xx 000 0 und d a978-970-782-270-2 aQA135 P34 2008 aPáez Murillo, Rosa Elvira. aMatemáticas 5 aMatemáticas 5 para preuniversitarios aMatemáticas 5 para preuniversitarios /Rosa Elvira Páez Murillo, Mateo Alejandro Barkovich, Julio Roberto Murillo Torres aMéxico : Esfinge a151 p. a 1. Limites 2. Las razones de cambio y la derivada 3. Valores maximos y minimos y sus aplicaciones aMatemáticas -- Estudio y enseñanza (Superior) aBarkovich, Mateo Alejandro, coautor Murillo Torres, Julio Roberto, coautor Ì